Регионална библиотека "Любен Каравелов" - Русе

Пинокио (Запис номер 496300)

MARC детайли
000 -Лидер
Контролно поле с фиксирана дължина 01651nam a2200277 a 4500
003 - Код на организацията, давaща контролен номер
Контролно поле BLK
005 - Дата и час на последна редакция
Контролно поле 20250802152554.0
008 - Елементи от данни с фиксирана дължина
fixed length control field 191206b bu ||||| |||| 00| 0 bu d
020 ## - Международен стандартен номер на книга ISBN
Международен стандартен номер на книга ISBN 9789542622468
040 ## - Източник на каталожния запис
Идентификатор на билиотеката - собственик на записа BLK
041 ## - Код за език
Код за езика на текст/звукозапис или на отделно заглавие Български
Код за езика КДБФ Български
080 ## - УДК
Текстов определител УДК Италианска литература
УДК код - определител по УДК 821.131.1
УДК определител -93-31
УДК - код + определител 821.131.1-93-31
100 ## - Редна дума - Автор
Автор Колоди, Карло
Авторска отговорност първи автор
Пълна форма на името Лоренцини, Карло
R(LIN) 1299
139 ## - Редно поле
Редна дума Колоди, Карло
Авторски знак Коло - К 79
245 ## - Сведения за заглавието
Заглавие Пинокио
Редно поле (дума) Карло Колоди ; прев. Румяна Стефанова Сарайдарова-Първанова ; ил. Кантен Гребан
250 ## - Област на изданието
Сведения за изданието [2. изд.]
260 ## - Област на издателските данни
9 (RLIN) 209439
Място на издаване, разпространение и проч. Пловдив
Име на издателя, разпространителя и проч. Хермес
Година на издаване 2023
Печатница (София : Алианс принт)
Издателство - префикс ISBN 978-954-26- ; 978-954-459-
300 ## - Физическа характеристика
Страници 117 с. : с цв. ил.
Размери/Мащаб 29 см
380 ## - Жанр
Жанр Детска худож. лит.
500 ## - Общи забележки
Забележка Ориг. загл.: Pinocchio / Carlo Collodi<br/>Карло Колоди - псевд. на авт. Карло Лоренцини<br/>Възприетата форма на името на прев. Румяна Стефанова Сарайдарова-Първанова е Румяна Стефанова Сарайдарова<br/>1. изд. 2005 със загл. Приключенията на Пинокио, в сер. Златно перо
700 ## - Други автори (авторска отговорност)
9 (RLIN) 258917
Лично име Сарайдарова, Румяна Стефанова
Автороска отговорност (Описва отношението между автора и произведението) прев. от итал.
700 ## - Други автори (авторска отговорност)
9 (RLIN) 452728
Лично име Гребан, Кантен
Автороска отговорност (Описва отношението между автора и произведението) худож.
852 ## - Местоположение
Форматна сигнатура Цб ІІ 32461
Фондова буква Хранилище
942 ## - АРТИКУЛИ
Източник на класификационната схема Universal Decimal Classification
Вид на библиотечния материал Книги
Скрит в OPAC Не
Периодичен библиозапис Да
Koha issues (borrowed), all copies 246
944 ## - СЪЗДАВАНЕ И РЕДАКЦИЯ на ЗАПИСА
Дата на регистрацията/редакция Нора Радева
Служител, извършил регистрацията/редакцията 30543
Статус, дата на статуса Ива Цветкова
999 ## - СИСТЕМНИ КОНТРОЛНИ НОМЕРА
Koha biblionumber 496300
Koha biblioitemnumber 496300
Наличности
Код за отписване Код за изгубен артикул Източник на класификационната схема Код за повреда Код за отдаване Артикулен № Име на библиотеката - собственик Име на библиотеката, в която се намира в момента Статус (Текущо местоположение) Дата на вписване в системата Местоположение - отдел Цена в лева Инвентарен номер Систематично азбучна сигнатура Баркод Цена в евро Служебен тип на артикула Коз за рестрикции
  Не е изгубен Universal Decimal Classification Не е повреден заемане за дома 934658 Регионална библиотека "Любен Каравелов" Русе Регионална библиотека "Любен Каравелов" Русе Детски отдел 2023-10-19 Детски отдел 17.47 120000893825 821-93/К 79 К 120000893825 8.93 Книги  
  Не е изгубен Universal Decimal Classification Не е повреден заемане за дома 934659 Регионална библиотека "Любен Каравелов" Русе Регионална библиотека "Любен Каравелов" Русе Детски отдел 2023-10-19 Детски отдел 17.47 120000893824 821-93/К 79 К 120000893824 8.93 Книги  
  Не е изгубен Universal Decimal Classification Не е повреден заемане за дома 934660 Регионална библиотека "Любен Каравелов" Русе Регионална библиотека "Любен Каравелов" Русе Детски отдел 2023-10-19 Детски отдел 17.47 120000893826 821-93/К 79 К 120000893826 8.93 Книги  
  Не е изгубен Universal Decimal Classification Не е повреден ползва се в читалня 937584 Регионална библиотека "Любен Каравелов" Русе Регионална библиотека "Любен Каравелов" Русе Хранилище 2023-12-21 Хранилище 24.95 120000896620 Цб ІІ 32461 120000896620 12.76 Книги само за читалня
Vip Innovations Ltd, Rousse, Bulgaria 2025